000 01471cam a2200301 a 4500
001 17059308
005 20170105102933.0
008 111128s2012 cau b 001 0 eng
010 _a 2011049067
020 _a9788132106951 (hc)
040 _aDLC
_cDLC
_dDLC
042 _apcc
043 _aa-ce---
050 0 0 _aHV6433.S75
_bH47 2012
082 0 0 _a363.325092/52095493
_223
_bHER 2012
100 1 _aHerath, Tamara.
245 1 0 _aWomen in terrorism :
_bcase of the LTTE /
_cTamara Herath.
260 _aNew Delhi ;
_aLondon :
_bSAGE Publications,
_c2012.
300 _axii, 242 p. ;
_c23 cm.
504 _aIncludes bibliographical references (p. 214-233) and index.
505 0 _aEntering a Tiger's Lair -- The Lions and the Tigers : a historical overview of the Sri Lankan conflict and the role of women -- Displacement and contributing factors to joining the ltte -- The Tiger family : kin identity amongst women combatants of the LTTE -- Death and the suicide bomber -- Ah-lu-mai : equality and empowerment of the new woman, Puthumai Pen -- Ending a journey : final reflections -- Bibliography -- Index -- About the author.
610 2 0 _aTamil̲īl̲a Viṭutalaippulikaḷ (Association)
650 0 _aWomen terrorists
_zSri Lanka
_vBiography.
651 0 _aSri Lanka
_xHistory.
906 _a7
_bcbc
_corignew
_d1
_eecip
_f20
_gy-gencatlg
942 _2ddc
_cBK
999 _c16152
_d16152